[Event "Memorial Kurnosova 2017"]
[Site "?"]
[Date "2017.09.09"]
[Round "7.7"]
[White "Kostenko, Petr"]
[Black "Lysyj, Igor"]
[Result "1/2-1/2"]
[LiveChessVersion "1.4.8"]
[BlackElo "2667"]
[WhiteElo "2487"]

1. e4 {[%clk 0:15:16]} e5 {[%clk 0:15:19]} 2. Nf3 {[%clk 0:15:17]} Nc6
{[%clk 0:15:27]} 3. c3 {[%clk 0:14:45]} Nf6 {[%clk 0:15:08]} 4. d3
{[%clk 0:14:52]} d5 {[%clk 0:14:52]} 5. Qc2 {[%clk 0:14:52]} Bc5 {[%clk 0:14:54]}
6. b4 {[%clk 0:14:50]} Bd6 {[%clk 0:14:44]} 7. Be2 {[%clk 0:14:58]} O-O
{[%clk 0:14:44]} 8. O-O {[%clk 0:14:54]} dxe4 {[%clk 0:14:26]} 9. dxe4
{[%clk 0:15:01]} a5 {[%clk 0:14:35]} 10. b5 {[%clk 0:15:02]} Nb8 {[%clk 0:14:30]}
11. Rd1 {[%clk 0:15:07]} Nbd7 {[%clk 0:14:21]} 12. Nbd2 {[%clk 0:15:01]} Qe7
{[%clk 0:13:58]} 13. Nc4 {[%clk 0:15:08]} Nc5 {[%clk 0:13:45]} 14. Nfd2
{[%clk 0:14:31]} Be6 {[%clk 0:13:37]} 15. f3 {[%clk 0:13:58]} Rfd8
{[%clk 0:13:07]} 16. Nf1 {[%clk 0:11:09]} Ncd7 {[%clk 0:13:00]} 17. Nxd6
{[%clk 0:10:54]} cxd6 {[%clk 0:13:08]} 18. Ba3 {[%clk 0:11:01]} Nb6
{[%clk 0:13:04]} 19. Ne3 {[%clk 0:10:55]} Qc7 {[%clk 0:13:13]} 20. c4
{[%clk 0:10:31]} Rac8 {[%clk 0:12:33]} 21. Rac1 {[%clk 0:10:39]} Qb8
{[%clk 0:12:28]} 22. Bf1 {[%clk 0:10:33]} Ne8 {[%clk 0:11:23]} 23. Qd2
{[%clk 0:09:26]} Qa8 {[%clk 0:10:57]} 24. Qf2 {[%clk 0:08:17]} Na4
{[%clk 0:10:46]} 25. Nd5 {[%clk 0:06:25]} Bxd5 {[%clk 0:10:53]} 26. cxd5
{[%clk 0:06:02]} Rxc1 {[%clk 0:10:04]} 27. Rxc1 {[%clk 0:06:11]} Rc8
{[%clk 0:10:13]} 28. b6 {[%clk 0:05:40]} 1/2-1/2

[Event "Memorial Kurnosova 2017"]
[Site "?"]
[Date "2017.09.09"]
[Round "7.8"]
[White "Shariyazdanov, Andrey"]
[Black "Smirnov, Pavel"]
[Result "0-1"]
[LiveChessVersion "1.4.8"]
[BlackElo "2588"]
[WhiteElo "2472"]

1. b3 {[%clk 0:15:17]} e5 {[%clk 0:14:18]} 2. Bb2 {[%clk 0:15:26]} Nc6
{[%clk 0:14:27]} 3. e3 {[%clk 0:15:35]} Nf6 {[%clk 0:14:35]} 4. Bb5
{[%clk 0:15:41]} Bd6 {[%clk 0:14:44]} 5. Na3 {[%clk 0:15:47]} Be7
{[%clk 0:14:51]} 6. Ne2 {[%clk 0:14:05]} O-O {[%clk 0:14:48]} 7. O-O
{[%clk 0:13:31]} d5 {[%clk 0:13:37]} 8. c4 {[%clk 0:12:44]} Nb4 {[%clk 0:09:21]}
9. d4 {[%clk 0:06:46]} exd4 {[%clk 0:09:28]} 10. exd4 {[%clk 0:06:46]} c6
{[%clk 0:08:24]} 11. Ba4 {[%clk 0:06:53]} Bf5 {[%clk 0:08:12]} 12. Ng3
{[%clk 0:06:41]} Bg6 {[%clk 0:07:57]} 13. Bc3 {[%clk 0:05:46]} h5
{[%clk 0:06:25]} 14. c5 {[%clk 0:05:03]} a5 {[%clk 0:06:28]} 15. Bxb4
{[%clk 0:04:24]} axb4 {[%clk 0:06:36]} 16. Nc2 {[%clk 0:04:33]} Qd7
{[%clk 0:05:00]} 17. f3 {[%clk 0:03:34]} Rfe8 {[%clk 0:04:54]} 18. Qd2
{[%clk 0:03:40]} h4 {[%clk 0:04:46]} 19. Nh1 {[%clk 0:03:22]} Nh5
{[%clk 0:04:02]} 20. Rae1 {[%clk 0:03:20]} Bxc2 {[%clk 0:03:37]} 21. Qxc2
{[%clk 0:03:28]} Bf6 {[%clk 0:03:43]} 22. Qd2 {[%clk 0:03:27]} Qf5
{[%clk 0:03:51]} 23. Qxb4 {[%clk 0:02:39]} Qf4 {[%clk 0:02:55]} 24. Rxe8+
{[%clk 0:01:35]} Rxe8 {[%clk 0:03:03]} 25. Rd1 {[%clk 0:01:42]} Qe3+
{[%clk 0:01:40]} 26. Nf2 {[%clk 0:01:51]} Bxd4 {[%clk 0:01:34]} 27. Rf1
{[%clk 0:01:36]} Nf4 {[%clk 0:01:25]} 0-1

[Event "Memorial Kurnosova 2017"]
[Site "?"]
[Date "2017.09.09"]
[Round "7.9"]
[White "Chigaev, Maksim"]
[Black "Gutenev, Alexander"]
[Result "1/2-1/2"]
[LiveChessVersion "1.4.8"]
[BlackElo "2469"]
[WhiteElo "2587"]

1. e4 {[%clk 0:15:18]} c5 {[%clk 0:15:18]} 2. Nf3 {[%clk 0:15:25]} Nc6
{[%clk 0:15:27]} 3. Bb5 {[%clk 0:15:31]} g6 {[%clk 0:15:35]} 4. Bxc6
{[%clk 0:15:37]} bxc6 {[%clk 0:15:44]} 5. O-O {[%clk 0:15:45]} Bg7
{[%clk 0:15:52]} 6. Re1 {[%clk 0:15:53]} Nh6 {[%clk 0:15:59]} 7. c3
{[%clk 0:15:58]} O-O {[%clk 0:16:02]} 8. h3 {[%clk 0:16:07]} f5 {[%clk 0:14:04]}
9. e5 {[%clk 0:16:11]} Nf7 {[%clk 0:14:10]} 10. d3 {[%clk 0:16:16]} Ba6
{[%clk 0:13:20]} 11. c4 {[%clk 0:16:17]} d6 {[%clk 0:12:27]} 12. e6
{[%clk 0:16:04]} Ne5 {[%clk 0:12:35]} 13. Nc3 {[%clk 0:15:33]} Bc8
{[%clk 0:11:28]} 14. Nxe5 {[%clk 0:12:28]} Bxe5 {[%clk 0:09:30]} 15. Rxe5
{[%clk 0:07:54]} dxe5 {[%clk 0:09:38]} 16. b3 {[%clk 0:07:22]} e4
{[%clk 0:06:41]} 17. Bb2 {[%clk 0:05:12]} Qd6 {[%clk 0:05:31]} 18. Qe1
{[%clk 0:04:48]} exd3 {[%clk 0:04:37]} 19. Na4 {[%clk 0:03:58]} d2
{[%clk 0:03:58]} 20. Qe2 {[%clk 0:04:06]} Rd8 {[%clk 0:03:34]} 21. Rd1
{[%clk 0:04:15]} Qxe6 {[%clk 0:03:26]} 22. Rxd2 {[%clk 0:04:23]} Qxe2
{[%clk 0:03:18]} 23. Rxe2 {[%clk 0:04:32]} Kf7 {[%clk 0:03:14]} 24. f4
{[%clk 0:04:31]} h6 {[%clk 0:01:31]} 25. Nxc5 {[%clk 0:04:12]} a5
{[%clk 0:01:40]} 26. a4 {[%clk 0:03:41]} g5 {[%clk 0:01:37]} 27. g3
{[%clk 0:02:50]} Rd1+ {[%clk 0:01:45]} 28. Kf2 {[%clk 0:02:57]} Rh1
{[%clk 0:01:07]} 29. Kg2 {[%clk 0:03:01]} Rd1 {[%clk 0:01:15]} 30. Bc3
{[%clk 0:02:10]} Bd7 {[%clk 0:00:53]} 31. Bd2 {[%clk 0:01:54]} Rd8
{[%clk 0:00:19]} 32. fxg5 {[%clk 0:01:14]} hxg5 {[%clk 0:00:28]} 33. Bxg5
{[%clk 0:01:03]} Re8 {[%clk 0:00:37]} 34. Bf4 {[%clk 0:01:08]} Bc8
{[%clk 0:00:40]} 35. h4 {[%clk 0:01:02]} Kf6 {[%clk 0:00:40]} 36. Be5+
{[%clk 0:01:03]} Kg6 {[%clk 0:00:35]} 37. Kf3 {[%clk 0:00:20]} Rf1+
{[%clk 0:00:41]} 38. Ke3 {[%clk 0:00:16]} f4+ {[%clk 0:00:43]} 39. gxf4
{[%clk 0:00:17]} Bg4 {[%clk 0:00:43]} 40. Rf2 {[%clk 0:00:14]} Rh1
{[%clk 0:00:34]} 41. Bc7 {[%clk 0:00:18]} Ra8 {[%clk 0:00:31]} 42. Kd4
{[%clk 0:00:20]} Kf5 {[%clk 0:00:39]} 43. Kc3 {[%clk 0:00:25]} Rh3+
{[%clk 0:00:39]} 44. Kb2 {[%clk 0:00:27]} Rxh4 {[%clk 0:00:47]} 45. Rf1
{[%clk 0:00:22]} Rh2+ {[%clk 0:00:42]} 46. Ka3 {[%clk 0:00:24]} Rh3
{[%clk 0:00:50]} 47. Re1 {[%clk 0:00:28]} Kf6 {[%clk 0:00:28]} 48. Ne4+
{[%clk 0:00:16]} Kg6 {[%clk 0:00:20]} 49. Nf2 {[%clk 0:00:20]} Rh4
{[%clk 0:00:17]} 50. Rxe7 {[%clk 0:00:25]} Bf5 {[%clk 0:00:25]} 51. Ne4
{[%clk 0:00:19]} Bxe4 {[%clk 0:00:24]} 52. Rxe4 {[%clk 0:00:28]} Rh3
{[%clk 0:00:29]} 53. Re6+ {[%clk 0:00:27]} Kf7 {[%clk 0:00:17]} 54. Rxc6
{[%clk 0:00:28]} Rc8 {[%clk 0:00:25]} 55. Rc5 {[%clk 0:00:22]} Rf3
{[%clk 0:00:26]} 56. Rf5+ {[%clk 0:00:30]} Ke6 {[%clk 0:00:35]} 57. Re5+
{[%clk 0:00:38]} Kd7 {[%clk 0:00:44]} 58. Bxa5 {[%clk 0:00:41]} Rxc4
{[%clk 0:00:51]} 59. Bd2 {[%clk 0:00:14]} Rd4 {[%clk 0:01:00]} 60. Bc1
{[%clk 0:00:18]} Rdd3 {[%clk 0:00:53]} 61. Rb5 {[%clk 0:00:27]} Kc6
{[%clk 0:00:56]} 62. Rb4 {[%clk 0:00:30]} Rf1 {[%clk 0:00:47]} 63. Bb2
{[%clk 0:00:38]} Rf2 {[%clk 0:00:36]} 64. Be5 {[%clk 0:00:40]} Rdd2
{[%clk 0:00:23]} 65. Rc4+ {[%clk 0:00:39]} Kb7 {[%clk 0:00:23]} 66. Rc3
{[%clk 0:00:43]} Ra2+ {[%clk 0:00:14]} 67. Kb4 {[%clk 0:00:51]} Rad2
{[%clk 0:00:20]} 68. Rc7+ {[%clk 0:00:44]} Ka6 {[%clk 0:00:16]} 69. Rc6+
{[%clk 0:00:15]} Kb7 {[%clk 0:00:25]} 70. Rc3 {[%clk 0:00:19]} Rd5
{[%clk 0:00:24]} 71. a5 {[%clk 0:00:16]} Ra2 {[%clk 0:00:27]} 72. Rc7+
{[%clk 0:00:21]} Ka8 {[%clk 0:00:13]} 73. Rc8+ {[%clk 0:00:20]} Ka7
{[%clk 0:00:19]} 74. Rc7+ {[%clk 0:00:14]} Ka8 {[%clk 0:00:28]} 75. Rh7
{[%clk 0:00:12]} Raxa5 {[%clk 0:00:28]} 76. Re7 {[%clk 0:00:15]} Rab5+
{[%clk 0:00:33]} 77. Kc4 {[%clk 0:00:18]} Rbc5+ {[%clk 0:00:42]} 78. Kb4
{[%clk 0:00:27]} Rb5+ {[%clk 0:00:52]} 79. Kc4 {[%clk 0:00:28]} Rbc5+
{[%clk 0:01:01]} 80. Kb4 {[%clk 0:00:36]} Rb5+ {[%clk 0:01:10]} 1/2-1/2

[Event "Memorial Kurnosova 2017"]
[Site "?"]
[Date "2017.09.09"]
[Round "7.10"]
[White "Stupak, Kirill"]
[Black "Rashkovsky, Nukhim N"]
[Result "1-0"]
[LiveChessVersion "1.4.8"]
[BlackElo "2427"]
[WhiteElo "2546"]

1. d4 {[%clk 0:15:18]} Nf6 {[%clk 0:15:18]} 2. g3 {[%clk 0:15:26]} d6
{[%clk 0:15:10]} 3. Bg2 {[%clk 0:15:34]} e5 {[%clk 0:15:14]} 4. dxe5
{[%clk 0:15:41]} dxe5 {[%clk 0:15:23]} 5. Qxd8+ {[%clk 0:15:49]} Kxd8
{[%clk 0:15:32]} 6. f4 {[%clk 0:15:57]} Bb4+ {[%clk 0:15:14]} 7. c3
{[%clk 0:14:33]} Bc5 {[%clk 0:15:14]} 8. fxe5 {[%clk 0:13:34]} Ng4
{[%clk 0:15:19]} 9. Nf3 {[%clk 0:13:42]} Nc6 {[%clk 0:14:05]} 10. Bf4
{[%clk 0:11:41]} h6 {[%clk 0:13:54]} 11. h3 {[%clk 0:11:28]} Ne3 {[%clk 0:13:55]}
12. Bxe3 {[%clk 0:11:34]} Bxe3 {[%clk 0:14:03]} 13. Na3 {[%clk 0:11:41]} Ke7
{[%clk 0:12:56]} 14. Nc2 {[%clk 0:10:40]} Bb6 {[%clk 0:13:00]} 15. Ncd4
{[%clk 0:10:35]} Bd7 {[%clk 0:11:09]} 16. O-O-O {[%clk 0:10:24]} Rad8
{[%clk 0:11:12]} 17. Nh4 {[%clk 0:10:07]} g6 {[%clk 0:09:18]} 18. Nxc6+
{[%clk 0:08:30]} bxc6 {[%clk 0:08:25]} 19. Rd3 {[%clk 0:08:38]} Be6
{[%clk 0:07:27]} 20. b3 {[%clk 0:07:46]} g5 {[%clk 0:04:59]} 21. Nf3
{[%clk 0:07:34]} Bf5 {[%clk 0:05:08]} 22. Rdd1 {[%clk 0:06:00]} Be3+
{[%clk 0:05:16]} 23. Kb2 {[%clk 0:06:09]} c5 {[%clk 0:05:24]} 24. Nh2
{[%clk 0:04:55]} Ke6 {[%clk 0:05:17]} 25. g4 {[%clk 0:03:29]} Bg6
{[%clk 0:05:24]} 26. Bc6 {[%clk 0:03:37]} Bf4 {[%clk 0:04:33]} 27. Nf3
{[%clk 0:03:40]} Bxe5 {[%clk 0:04:41]} 28. Bb5 {[%clk 0:03:36]} Bf6
{[%clk 0:03:54]} 29. Bd3 {[%clk 0:02:55]} h5 {[%clk 0:02:00]} 30. Bxg6
{[%clk 0:02:46]} fxg6 {[%clk 0:02:06]} 31. Kc2 {[%clk 0:02:53]} hxg4
{[%clk 0:01:22]} 32. hxg4 {[%clk 0:03:00]} Rxd1 {[%clk 0:01:25]} 33. Rxd1
{[%clk 0:03:07]} Rh3 {[%clk 0:01:32]} 34. Kd3 {[%clk 0:03:10]} Be7
{[%clk 0:01:37]} 35. Ke4 {[%clk 0:03:13]} c6 {[%clk 0:01:42]} 36. Kd3
{[%clk 0:02:02]} Rg3 {[%clk 0:01:46]} 37. Rg1 {[%clk 0:02:05]} Rh3
{[%clk 0:01:54]} 38. Kc4 {[%clk 0:02:04]} Rh8 {[%clk 0:01:58]} 39. Rd1
{[%clk 0:02:03]} Rh3 {[%clk 0:02:06]} 40. Rd3 {[%clk 0:02:12]} Rh1
{[%clk 0:02:11]} 41. Re3+ {[%clk 0:02:19]} Kf6 {[%clk 0:02:19]} 42. Ne5
{[%clk 0:02:03]} Rg1 {[%clk 0:01:55]} 43. Re4 {[%clk 0:02:08]} Bd6
{[%clk 0:01:16]} 44. Nxc6 {[%clk 0:02:15]} Bf4 {[%clk 0:01:18]} 45. e3
{[%clk 0:02:24]} Re1 {[%clk 0:01:13]} 46. Nxa7 {[%clk 0:02:26]} 1-0

[Event "Memorial Kurnosova 2017"]
[Site "?"]
[Date "2017.09.09"]
[Round "8.2"]
[White "Riazantsev, Alexander"]
[Black "Iljiushenok, Ilia"]
[Result "1-0"]
[LiveChessVersion "1.4.8"]
[BlackElo "2563"]
[WhiteElo "2703"]

1. d4 {[%clk 0:15:19]} Nf6 {[%clk 0:15:18]} 2. c4 {[%clk 0:15:25]} g6
{[%clk 0:15:25]} 3. Nc3 {[%clk 0:15:34]} Bg7 {[%clk 0:15:33]} 4. e4
{[%clk 0:15:42]} d6 {[%clk 0:15:40]} 5. Be2 {[%clk 0:15:48]} O-O {[%clk 0:15:46]}
6. Be3 {[%clk 0:15:56]} Na6 {[%clk 0:15:14]} 7. Qd2 {[%clk 0:15:42]} e5
{[%clk 0:15:11]} 8. d5 {[%clk 0:15:51]} Nc5 {[%clk 0:15:01]} 9. f3
{[%clk 0:15:59]} Nh5 {[%clk 0:15:02]} 10. O-O-O {[%clk 0:13:37]} a6
{[%clk 0:14:50]} 11. Kb1 {[%clk 0:11:40]} Bd7 {[%clk 0:13:18]} 12. Rc1
{[%clk 0:10:36]} f5 {[%clk 0:10:57]} 13. Bd1 {[%clk 0:10:40]} Qe8
{[%clk 0:07:11]} 14. Nge2 {[%clk 0:10:33]} fxe4 {[%clk 0:05:24]} 15. Nxe4
{[%clk 0:09:54]} b6 {[%clk 0:04:35]} 16. Bc2 {[%clk 0:09:32]} a5 {[%clk 0:04:25]}
17. N2c3 {[%clk 0:09:32]} a4 {[%clk 0:02:44]} 18. h4 {[%clk 0:09:39]} Ra5
{[%clk 0:01:38]} 19. g4 {[%clk 0:08:18]} Nf4 {[%clk 0:01:46]} 20. h5
{[%clk 0:08:26]} Nxe4 {[%clk 0:01:16]} 21. Nxe4 {[%clk 0:07:11]} gxh5
{[%clk 0:01:19]} 22. gxh5 {[%clk 0:06:38]} Bh6 {[%clk 0:01:28]} 23. Rcg1+
{[%clk 0:06:47]} Kh8 {[%clk 0:01:37]} 24. Ng5 {[%clk 0:06:42]} Bxg5
{[%clk 0:01:40]} 25. Rxg5 {[%clk 0:06:50]} h6 {[%clk 0:01:43]} 26. Rg6
{[%clk 0:05:58]} Bf5 {[%clk 0:00:18]} 27. Bxf4 {[%clk 0:05:12]} exf4
{[%clk 0:00:15]} 28. Rxh6+ {[%clk 0:04:36]} Kg7 {[%clk 0:00:23]} 29. Rg1+
{[%clk 0:04:37]} 1-0

[Event "Memorial Kurnosova 2017"]
[Site "?"]
[Date "2017.09.09"]
[Round "8.3"]
[White "Gunina, Valentina"]
[Black "Movsesian, Sergei"]
[Result "1/2-1/2"]
[LiveChessVersion "1.4.8"]
[BlackElo "2712"]
[WhiteElo "2528"]

1. e4 {[%clk 0:15:18]} c5 {[%clk 0:15:18]} 2. Nf3 {[%clk 0:15:26]} Nc6
{[%clk 0:15:22]} 3. Bb5 {[%clk 0:15:34]} Nf6 {[%clk 0:15:23]} 4. e5
{[%clk 0:14:18]} Nd5 {[%clk 0:15:30]} 5. O-O {[%clk 0:14:25]} d6 {[%clk 0:15:26]}
6. d4 {[%clk 0:14:16]} cxd4 {[%clk 0:13:06]} 7. Nxd4 {[%clk 0:13:28]} Bd7
{[%clk 0:12:41]} 8. exd6 {[%clk 0:13:11]} exd6 {[%clk 0:09:49]} 9. Re1+
{[%clk 0:13:19]} Be7 {[%clk 0:09:39]} 10. Bg5 {[%clk 0:12:08]} O-O
{[%clk 0:09:16]} 11. Bxe7 {[%clk 0:12:10]} Ndxe7 {[%clk 0:09:22]} 12. Nc3
{[%clk 0:11:47]} a6 {[%clk 0:09:17]} 13. Bxc6 {[%clk 0:10:53]} bxc6
{[%clk 0:09:19]} 14. Ne4 {[%clk 0:11:01]} Bf5 {[%clk 0:08:41]} 15. Qe2
{[%clk 0:10:04]} Bg6 {[%clk 0:07:28]} 16. Rad1 {[%clk 0:10:10]} d5
{[%clk 0:06:28]} 17. Nc5 {[%clk 0:08:42]} Re8 {[%clk 0:06:06]} 18. Qe5
{[%clk 0:07:37]} h6 {[%clk 0:02:02]} 19. c3 {[%clk 0:04:06]} Qb6 {[%clk 0:01:33]}
20. Qd6 {[%clk 0:03:30]} Nf5 {[%clk 0:00:55]} 21. Qxc6 {[%clk 0:01:22]} Qxc6
{[%clk 0:00:52]} 22. Nxc6 {[%clk 0:01:30]} Rec8 {[%clk 0:01:02]} 23. g4
{[%clk 0:01:39]} Rxc6 {[%clk 0:01:04]} 24. gxf5 {[%clk 0:01:48]} Bxf5
{[%clk 0:01:08]} 25. Rxd5 {[%clk 0:01:56]} Bh3 {[%clk 0:01:17]} 26. Re3
{[%clk 0:01:55]} Rg6+ {[%clk 0:01:15]} 27. Rg3 {[%clk 0:02:04]} Re8
{[%clk 0:01:23]} 28. Rd1 {[%clk 0:01:36]} Re2 {[%clk 0:01:31]} 29. Nd3
{[%clk 0:01:44]} Bf5 {[%clk 0:01:27]} 30. Rxg6 {[%clk 0:00:46]} fxg6
{[%clk 0:01:04]} 31. a4 {[%clk 0:00:41]} Re4 {[%clk 0:00:52]} 32. Nc5
{[%clk 0:00:42]} Rc4 {[%clk 0:00:51]} 33. Nxa6 {[%clk 0:00:49]} Rxa4
{[%clk 0:00:44]} 34. Nb4 {[%clk 0:00:58]} Kf7 {[%clk 0:00:48]} 35. f3
{[%clk 0:01:06]} Be6 {[%clk 0:00:55]} 36. Kf2 {[%clk 0:01:12]} Kf6
{[%clk 0:00:54]} 37. Ke3 {[%clk 0:01:12]} Ra5 {[%clk 0:01:02]} 38. Rd4
{[%clk 0:01:17]} Rh5 {[%clk 0:01:05]} 39. Rd2 {[%clk 0:01:19]} Re5+
{[%clk 0:01:10]} 40. Kd3 {[%clk 0:01:25]} Rf5 {[%clk 0:01:14]} 41. Rf2
{[%clk 0:01:31]} g5 {[%clk 0:01:23]} 42. Nc6 {[%clk 0:01:31]} Bf7
{[%clk 0:00:48]} 43. Nd4 {[%clk 0:01:36]} Rf4 {[%clk 0:00:56]} 44. b4
{[%clk 0:01:42]} Ke5 {[%clk 0:00:55]} 45. Re2+ {[%clk 0:01:43]} Kd6
{[%clk 0:01:03]} 46. c4 {[%clk 0:01:45]} h5 {[%clk 0:01:04]} 47. Kc3
{[%clk 0:01:47]} h4 {[%clk 0:00:58]} 48. c5+ {[%clk 0:01:54]} Kd7
{[%clk 0:00:59]} 49. b5 {[%clk 0:01:52]} g4 {[%clk 0:00:48]} 50. fxg4
{[%clk 0:02:00]} Rxg4 {[%clk 0:00:57]} 51. b6 {[%clk 0:02:00]} Bd5
{[%clk 0:00:50]} 52. Rd2 {[%clk 0:01:57]} h3 {[%clk 0:00:44]} 53. Nf5
{[%clk 0:02:00]} Rc4+ {[%clk 0:00:52]} 54. Kb2 {[%clk 0:01:45]} Rxc5
{[%clk 0:00:38]} 55. Ne3 {[%clk 0:01:54]} Rb5+ {[%clk 0:00:48]} 56. Kc1
{[%clk 0:02:00]} Rxb6 {[%clk 0:00:56]} 57. Nxd5 {[%clk 0:02:08]} Rb3
{[%clk 0:00:50]} 58. Nc3+ {[%clk 0:01:47]} Ke6 {[%clk 0:00:58]} 59. Rd3
{[%clk 0:01:55]} g5 {[%clk 0:01:00]} 60. Rxh3 {[%clk 0:02:03]} g4
{[%clk 0:01:09]} 61. Rg3 {[%clk 0:02:07]} Kf5 {[%clk 0:01:16]} 62. Kc2
{[%clk 0:02:04]} Rb7 {[%clk 0:01:18]} 63. Nd5 {[%clk 0:01:52]} Rh7
{[%clk 0:01:19]} 64. Rg2 {[%clk 0:01:48]} Rh3 {[%clk 0:01:09]} 65. Nc3
{[%clk 0:00:53]} Kf4 {[%clk 0:01:08]} 66. Rf2+ {[%clk 0:01:00]} Ke3
{[%clk 0:01:08]} 67. Rd2 {[%clk 0:01:04]} Kf3 {[%clk 0:00:49]} 68. Kd1
{[%clk 0:00:37]} g3 {[%clk 0:00:44]} 69. Rd3+ {[%clk 0:00:32]} Kg2
{[%clk 0:00:43]} 70. Ne2 {[%clk 0:00:24]} Kxh2 {[%clk 0:00:41]} 71. Nf4
{[%clk 0:00:33]} Rh4 {[%clk 0:00:42]} 72. Rd2+ {[%clk 0:00:36]} Kh1
{[%clk 0:00:49]} 73. Ng2 {[%clk 0:00:41]} 1/2-1/2

[Event "Memorial Kurnosova 2017"]
[Site "?"]
[Date "2017.09.09"]
[Round "8.4"]
[White "Khegay, Dmitriy"]
[Black "Bocharov, Ivan"]
[Result "0-1"]
[LiveChessVersion "1.4.8"]
[BlackElo "2590"]
[WhiteElo "2524"]

1. d4 {[%clk 0:15:18]} Nf6 {[%clk 0:15:19]} 2. c4 {[%clk 0:15:23]} c6
{[%clk 0:15:26]} 3. Nf3 {[%clk 0:15:30]} d5 {[%clk 0:15:35]} 4. e3
{[%clk 0:15:39]} Bf5 {[%clk 0:15:39]} 5. Nc3 {[%clk 0:15:48]} a6 {[%clk 0:15:49]}
6. Ne5 {[%clk 0:15:14]} Nbd7 {[%clk 0:15:27]} 7. cxd5 {[%clk 0:15:22]} Nxe5
{[%clk 0:14:45]} 8. dxe5 {[%clk 0:15:31]} Nxd5 {[%clk 0:14:54]} 9. Nxd5
{[%clk 0:15:39]} Qxd5 {[%clk 0:14:53]} 10. Qxd5 {[%clk 0:14:49]} cxd5
{[%clk 0:15:02]} 11. Bd2 {[%clk 0:14:58]} Rc8 {[%clk 0:15:11]} 12. Be2
{[%clk 0:14:41]} e6 {[%clk 0:15:08]} 13. Bc3 {[%clk 0:14:49]} Be7
{[%clk 0:14:19]} 14. Kd2 {[%clk 0:14:47]} Kd7 {[%clk 0:14:22]} 15. Rhc1
{[%clk 0:14:49]} Rc6 {[%clk 0:14:15]} 16. Ba5 {[%clk 0:14:47]} Rhc8
{[%clk 0:14:19]} 17. Rxc6 {[%clk 0:14:55]} Rxc6 {[%clk 0:14:28]} 18. Bc3
{[%clk 0:15:00]} Rc8 {[%clk 0:11:14]} 19. b4 {[%clk 0:14:33]} d4 {[%clk 0:10:14]}
20. exd4 {[%clk 0:14:36]} Bg5+ {[%clk 0:10:22]} 0-1

[Event "Memorial Kurnosova 2017"]
[Site "?"]
[Date "2017.09.09"]
[Round "8.5"]
[White "Smirnov, Pavel"]
[Black "Potapov, Pavel"]
[Result "1/2-1/2"]
[LiveChessVersion "1.4.8"]
[BlackElo "2527"]
[WhiteElo "2588"]

1. d4 {[%clk 0:15:17]} f5 {[%clk 0:15:18]} 2. Nf3 {[%clk 0:15:19]} Nf6
{[%clk 0:15:25]} 3. e3 {[%clk 0:15:12]} g6 {[%clk 0:15:27]} 4. Be2
{[%clk 0:15:19]} Bg7 {[%clk 0:15:35]} 5. O-O {[%clk 0:15:27]} d6 {[%clk 0:15:42]}
6. c4 {[%clk 0:15:36]} O-O {[%clk 0:15:48]} 7. Nc3 {[%clk 0:15:44]} c6
{[%clk 0:15:55]} 8. b4 {[%clk 0:15:50]} e5 {[%clk 0:15:43]} 9. dxe5
{[%clk 0:15:33]} dxe5 {[%clk 0:15:51]} 10. Qb3 {[%clk 0:15:13]} e4
{[%clk 0:15:21]} 11. c5+ {[%clk 0:15:20]} Kh8 {[%clk 0:15:25]} 12. Rd1
{[%clk 0:15:03]} Qe7 {[%clk 0:15:18]} 13. Nd4 {[%clk 0:15:11]} Re8
{[%clk 0:13:43]} 14. a4 {[%clk 0:13:59]} Nbd7 {[%clk 0:13:45]} 15. a5
{[%clk 0:12:58]} a6 {[%clk 0:12:42]} 16. Bb2 {[%clk 0:12:30]} Ne5
{[%clk 0:12:46]} 17. Na4 {[%clk 0:12:36]} Nd5 {[%clk 0:10:43]} 18. Nb6
{[%clk 0:11:48]} 1/2-1/2

[Event "Memorial Kurnosova 2017"]
[Site "?"]
[Date "2017.09.09"]
[Round "8.6"]
[White "Ovetchkin, Roman"]
[Black "Stupak, Kirill"]
[Result "1/2-1/2"]
[LiveChessVersion "1.4.8"]
[BlackElo "2546"]
[WhiteElo "2489"]

1. e4 {[%clk 0:15:17]} e6 {[%clk 0:15:19]} 2. d4 {[%clk 0:15:23]} d5
{[%clk 0:15:27]} 3. exd5 {[%clk 0:15:31]} exd5 {[%clk 0:15:35]} 4. Nf3
{[%clk 0:15:40]} Bg4 {[%clk 0:15:44]} 5. h3 {[%clk 0:15:47]} Bh5 {[%clk 0:15:52]}
6. Qe2+ {[%clk 0:15:55]} Ne7 {[%clk 0:16:00]} 7. g4 {[%clk 0:14:10]} Bg6
{[%clk 0:16:09]} 8. Ne5 {[%clk 0:14:19]} Nbc6 {[%clk 0:16:17]} 9. Nxc6
{[%clk 0:13:59]} bxc6 {[%clk 0:16:25]} 10. Bf4 {[%clk 0:14:00]} f6
{[%clk 0:15:54]} 11. Nc3 {[%clk 0:14:00]} Kf7 {[%clk 0:15:51]} 12. O-O-O
{[%clk 0:13:58]} Nc8 {[%clk 0:15:05]} 13. h4 {[%clk 0:13:32]} h5 {[%clk 0:14:10]}
14. Bh3 {[%clk 0:13:36]} Bd6 {[%clk 0:13:54]} 15. Qf3 {[%clk 0:13:42]} Bxf4+
{[%clk 0:13:47]} 16. Qxf4 {[%clk 0:13:50]} Qd6 {[%clk 0:13:55]} 17. Qf3
{[%clk 0:13:47]} Nb6 {[%clk 0:14:03]} 18. Rhg1 {[%clk 0:11:27]} Nc4
{[%clk 0:13:25]} 19. gxh5 {[%clk 0:11:28]} Bxh5 {[%clk 0:11:54]} 20. Bg4
{[%clk 0:11:36]} Bxg4 {[%clk 0:03:16]} 21. Qxg4 {[%clk 0:11:37]} Rh7
{[%clk 0:03:24]} 22. Rde1 {[%clk 0:08:09]} Rf8 {[%clk 0:02:17]} 23. Na4
{[%clk 0:07:45]} f5 {[%clk 0:01:24]} 24. Qg5 {[%clk 0:07:24]} Qf6
{[%clk 0:01:26]} 25. Qf4 {[%clk 0:04:40]} Nd6 {[%clk 0:01:16]} 26. Rg5
{[%clk 0:03:25]} Rfh8 {[%clk 0:01:26]} 27. Reg1 {[%clk 0:03:22]} Rxh4
{[%clk 0:00:56]} 28. Rxg7+ {[%clk 0:03:23]} Qxg7 {[%clk 0:01:05]} 29. Rxg7+
{[%clk 0:03:31]} Kxg7 {[%clk 0:01:13]} 30. Qg3+ {[%clk 0:03:07]} Kf7
{[%clk 0:01:18]} 31. b3 {[%clk 0:03:14]} Rh3 {[%clk 0:01:05]} 32. Qg5
{[%clk 0:03:04]} R3h5 {[%clk 0:01:10]} 33. Qd2 {[%clk 0:02:45]} Re8
{[%clk 0:00:44]} 34. Qc3 {[%clk 0:02:14]} Rh6 {[%clk 0:00:31]} 35. Kb2
{[%clk 0:01:08]} Ne4 {[%clk 0:00:40]} 36. Qf3 {[%clk 0:01:02]} Kf6
{[%clk 0:00:17]} 37. Qf4 {[%clk 0:01:08]} Rh7 {[%clk 0:00:26]} 38. f3
{[%clk 0:01:11]} Nd6 {[%clk 0:00:27]} 39. Nc5 {[%clk 0:01:20]} Re2
{[%clk 0:00:31]} 40. a4 {[%clk 0:00:39]} a5 {[%clk 0:00:33]} 41. Nd3
{[%clk 0:00:36]} Rhh2 {[%clk 0:00:38]} 42. Ne1 {[%clk 0:00:44]} Kf7
{[%clk 0:00:23]} 43. Qg3 {[%clk 0:00:45]} Rhf2 {[%clk 0:00:14]} 44. Nd3
{[%clk 0:00:37]} Rxc2+ 45. Kb1 Rg2 {[%clk 0:00:17]} 46. Qh4 {[%clk 0:00:26]} Rce2
{[%clk 0:00:16]} 47. Ne5+ {[%clk 0:00:21]} Kg7 {[%clk 0:00:13]} 48. Qe7+
{[%clk 0:00:27]} Kh6 {[%clk 0:00:17]} 49. Qh4+ {[%clk 0:00:26]} Kg7
{[%clk 0:00:23]} 50. Qe7+ {[%clk 0:00:35]} Kh6 {[%clk 0:00:18]} 51. Qh4+
{[%clk 0:00:34]} 1/2-1/2